| 000 | 00608nam a2200181Ia 4500 | ||
|---|---|---|---|
| 008 | 090124s9999 xx 000 0 und d | ||
| 082 | _b34095 | ||
| 100 | _aफटांगरे मेघना | ||
| 245 | _a" खोल, सूक्ष्म आवेश" | ||
| 250 | _a1 | ||
| 260 |
_bमेघना प्रकाशन _c1995 |
||
| 300 | _a170 | ||
| 600 | _aफटांगरे मेघना | ||
| 630 | _a" खोल, सूक्ष्म आवेश" | ||
| 700 | _aफटांगरे मेघना | ||
| 730 | _a" खोल, सूक्ष्म आवेश" | ||
| 942 | _cBOOK | ||
| 999 |
_c100001 _d100001 |
||